All Nippon Airways(ANA) International Destination Pairs-Sudden Death - Statistics

General Stats
  • This quiz has been taken 37 times
  • The average score is 7 of 14
Answers on the Grid
Answers color-coded by a green-red scale on the quiz's grid according to % correct below.
Tokyo,Japan(NRT)
Mumbai,India(BOM)
Tokyo,Japan(HND)
Delhi,India(DEL)
Tokyo,Japan(HND)
Paris,France(CDG)
Tokyo,Japan(HND)
Miami,USA(MIA)
Tokyo,Japan(NRT)

Vladivostok,Russia(VVO)
Osaka,Japan(KIX)
Shanghai,China(PVG)
Tokyo,Japan(NRT)
Los Angeles,USA(LAX)
Tokyo,Japan(NRT)
Chennai,India(MAA)
Tokyo,Japan(HND)
Newark,USA(EWR)
Tokyo,Japan(HND)
New York,USA(JFK)
Tokyo,Japan(NRT)
Mexico City,Mexico(MEX)
Tokyo,Japan(HND)
Seattle,USA(SEA)
Tokyo,Japan(NRT)
Honolulu,USA(HNL)
Tokyo,Japan(HND)
Jakarta,Indonesia(CGK)
Tokyo,Japan(HND)
Frankfurt,Germany(FRA)
Tokyo,Japan(HND)
San Franscisco,USA(SFO)
Tokyo,Japan(HND)
Stockholm,Sweden(ARN)
Tokyo,Japan(HND)
Dubai,UAE(DXB)
Tokyo,Japan(HND)
Madrid,Spain(MAD)
Tokyo,Japan(HND)
Manila,Phillippines(MNL)
 
Answer Stats
Answer % Correct
Tokyo,Japan(HND)
Paris,France(CDG)
88%
Tokyo,Japan(HND)
Delhi,India(DEL)
69%
Tokyo,Japan(NRT)
Mumbai,India(BOM)
69%
Tokyo,Japan(NRT)
Los Angeles,USA(LAX)
63%
Osaka,Japan(KIX)
Shanghai,China(PVG)
56%
Tokyo,Japan(NRT)
Honolulu,USA(HNL)
50%
Tokyo,Japan(HND)
Jakarta,Indonesia(CGK)
44%
Tokyo,Japan(HND)
Frankfurt,Germany(FRA)
38%
Tokyo,Japan(HND)
Manila,Phillippines(MNL)
38%
Tokyo,Japan(HND)
New York,USA(JFK)
38%
Tokyo,Japan(HND)
San Franscisco,USA(SFO)
38%
Tokyo,Japan(HND)
Seattle,USA(SEA)
38%
Tokyo,Japan(NRT)
Mexico City,Mexico(MEX)
25%
Tokyo,Japan(HND)
Stockholm,Sweden(ARN)
19%
No matching quizzes found
Score Distribution
Percent of People with Each Score
Percentile by Number Answered
Your Score History
You have not taken this quiz